[Event "Xtracon Chess Open 2016"]
[Site "Elsinore"]
[Date "2016.07.29"]
[Round "8.48"]
[White "Machlik, Monika"]
[Black "Solberg, Joachim"]
[Result "1/2-1/2"]
[WhiteElo "2045"]
[BlackElo "2211"]
[PlyCount "80"]
[EventDate "2016.07.23"]

1. d4 d5 2. c4 e6 3. Nc3 Nf6 4. cxd5 exd5 5. Bg5 Nbd7 6. e3 c6 7. Bd3 Be7 8.
Qc2 Nh5 9. Bxe7 Qxe7 10. O-O-O g6 11. Nf3 f5 12. h3 O-O 13. g4 Ng7 14. gxf5 Nb6
15. Ne5 Bxf5 16. Bxf5 Nxf5 17. Rhg1 Nd7 18. Nxd7 Qxd7 19. Ne2 Qe7 20. Nf4 Rf6
21. Kb1 Raf8 22. Rg4 Nh6 23. Rg2 Nf5 24. Rg4 Nh6 25. Rg2 Nf5 26. Rdg1 Kh8 27.
Nd3 Nh4 28. Rg4 Nf3 29. Rd1 b6 30. Rg3 a5 31. Nf4 Nh4 32. Rg4 Nf5 33. Rg2 Nh4
34. Rg4 Nf5 35. Rgg1 Nh4 36. Rg3 Nf5 37. Rgg1 Nh6 38. Rg2 Nf5 39. Rgg1 Nh4 40.
Rg3 Nf5 1/2-1/2

[Event "Xtracon Chess Open 2016"]
[Site "Elsinore"]
[Date "2016.07.29"]
[Round "8.49"]
[White "Ramsdal, Jens Albert"]
[Black "Aubert, Carsten"]
[Result "1/2-1/2"]
[WhiteElo "2204"]
[BlackElo "1977"]
[PlyCount "79"]
[EventDate "2016.07.23"]

1. e4 e5 2. Nf3 Nc6 3. Bb5 a6 4. Ba4 Nf6 5. O-O b5 6. Bb3 Be7 7. Re1 O-O 8. h3
Bb7 9. d3 d5 10. exd5 Nxd5 11. Nc3 Nxc3 12. bxc3 Bf6 13. Bb2 Re8 14. Nd2 Na5
15. Ne4 Nxb3 16. axb3 Be7 17. Qh5 f6 18. Re3 Rf8 19. c4 Rf7 20. Rae1 Bf8 21.
Rg3 Be7 22. d4 exd4 23. c5 Qd5 24. Qxd5 Bxd5 25. Bxd4 a5 26. Nc3 Bc6 27. Rge3
Bf8 28. Rd3 Rd7 29. Be3 Rxd3 30. cxd3 b4 31. Na2 Bd5 32. Ra1 a4 33. Nxb4 Bxb3
34. d4 Rb8 35. Nc6 Rb5 36. Bd2 Kf7 37. Ba5 Bd5 38. Nb4 Bb3 39. Nc6 Bd5 40. Nb4
1/2-1/2

[Event "Xtracon Chess Open 2016"]
[Site "Elsinore"]
[Date "2016.07.29"]
[Round "8.50"]
[White "Walton, Alan J"]
[Black "Kizatbay, Alseit"]
[Result "1/2-1/2"]
[WhiteElo "2201"]
[BlackElo "1945"]
[PlyCount "65"]
[EventDate "2016.07.23"]

1. d4 d5 2. c4 e6 3. Nc3 Nf6 4. cxd5 exd5 5. Bg5 Be7 6. e3 O-O 7. Bd3 Nbd7 8.
Nf3 c6 9. Qc2 Re8 10. O-O Nf8 11. Rab1 g6 12. b4 Ne6 13. Bh4 b6 14. Ne5 Bb7 15.
f4 Nd7 16. Bxe7 Rxe7 17. Nxd7 Qxd7 18. f5 Nc7 19. Qf2 Rae8 20. Rbe1 Ba6 21.
Bxa6 Nxa6 22. Qh4 Qd6 23. b5 Nb4 24. Qh6 Qf6 25. bxc6 Rc7 26. Rf3 Rxc6 27. Qh3
Qg7 28. f6 Rxf6 29. Qd7 Rf8 30. Nxd5 Rxf3 31. gxf3 Nxd5 32. Qxd5 Qf6 33. Qe4
1/2-1/2

[Event "Xtracon Chess Open 2016"]
[Site "Elsinore"]
[Date "2016.07.29"]
[Round "8.51"]
[White "Voll, Oddvar U"]
[Black "Thuesen, Mogens Henrik"]
[Result "1-0"]
[WhiteElo "1967"]
[BlackElo "2200"]
[PlyCount "115"]
[EventDate "2016.07.23"]

1. e4 c6 2. c4 d5 3. exd5 cxd5 4. cxd5 Nf6 5. Nf3 g6 6. Nc3 Bg7 7. Bb5+ Bd7 8.
Bc4 O-O 9. O-O Bf5 10. Qb3 Nbd7 11. Qxb7 Ne4 12. Nxe4 Bxe4 13. d3 Bxf3 14. gxf3
Ne5 15. Kg2 Qd6 16. Qb3 Rab8 17. Qc2 Rfc8 18. Rb1 Qf6 19. Qe2 Qf5 20. Ba6 Rc5
21. f4 Ng4 22. Qxe7 Qxd5+ 23. Kg3 Nh6 24. Qe4 Nf5+ 25. Kg2 Qxa2 26. Be3 Rc2 27.
Bc4 Qa5 28. b4 Qd8 29. Bxa7 Rc8 30. Rfc1 Rxc1 31. Rxc1 Qd7 32. Be3 Re8 33. Qd5
Qe7 34. Bc5 Qf6 35. Bb5 Nh4+ 36. Kh3 Rd8 37. Qe5 Qxe5 38. fxe5 Nf3 39. Be7 Rb8
40. Bd6 Rd8 41. Rc5 Ng5+ 42. Kg2 Ne6 43. Rc4 g5 44. d4 f6 45. Ba6 Kf7 46. d5
Nf4+ 47. Rxf4 Rxd6 48. exd6 gxf4 49. b5 Bf8 50. d7 Ke7 51. Bc8 Kd8 52. b6 Bd6
53. f3 f5 54. Kh3 Be7 55. b7 Kc7 56. d6+ Bxd6 57. b8=Q+ Kxb8 58. d8=Q 1-0

[Event "Xtracon Chess Open 2016"]
[Site "Elsinore"]
[Date "2016.07.29"]
[Round "8.52"]
[White "Madsen, Michael Ole"]
[Black "Skjoldager, Per"]
[Result "0-1"]
[WhiteElo "2010"]
[BlackElo "2160"]
[PlyCount "70"]
[EventDate "2016.07.23"]

1. d4 Nf6 2. c4 e6 3. Nc3 d5 4. cxd5 exd5 5. Bg5 Nbd7 6. e3 Be7 7. Bd3 O-O 8.
Nf3 b6 9. O-O Bb7 10. Rc1 c5 11. Qe2 Ne4 12. Bxe7 Qxe7 13. Rfd1 Nxc3 14. Rxc3
c4 15. Bb1 b5 16. Nd2 f5 17. f3 Nb6 18. Nf1 a5 19. g4 b4 20. Rcc1 fxg4 21. fxg4
Rae8 22. Re1 Qg5 23. Qg2 Re7 24. Rc2 Ref7 25. h3 Rf3 26. Rce2 R3f7 27. Ng3 g6
28. Rf1 Rxf1+ 29. Nxf1 Qf6 30. Rf2 Qxf2+ 31. Qxf2 Rxf2 32. Kxf2 Na4 33. e4 Nxb2
34. Ne3 dxe4 35. d5 Nd3+ 0-1

[Event "Xtracon Chess Open 2016"]
[Site "Elsinore"]
[Date "2016.07.29"]
[Round "8.53"]
[White "Henrichsen, Jens"]
[Black "Haldorsen, Benjamin"]
[Result "0-1"]
[WhiteElo "1984"]
[BlackElo "2283"]
[PlyCount "52"]
[EventDate "2016.07.23"]

1. d4 Nf6 2. Nf3 g6 3. c4 c5 4. d5 b5 5. cxb5 a6 6. bxa6 Bg7 7. Nc3 O-O 8. e4
Qa5 9. Nd2 Bxa6 10. Bxa6 Qxa6 11. Qe2 e6 12. Qxa6 Nxa6 13. O-O Nb4 14. Nc4 exd5
15. exd5 Nfxd5 16. Nxd5 Nxd5 17. Rd1 Nb4 18. Nb6 Ra7 19. Be3 Nc2 20. Bxc5 Nxa1
21. Bxf8 Kxf8 22. Rxa1 Rb7 23. Na4 Rb4 24. Nc5 Rxb2 25. Nxd7+ Kg8 26. Nc5 Rc2
0-1

[Event "Xtracon Chess Open 2016"]
[Site "Elsinore"]
[Date "2016.07.29"]
[Round "8.54"]
[White "Lercel, Michal"]
[Black "Pallesen, Jacob"]
[Result "1-0"]
[WhiteElo "2265"]
[BlackElo "2026"]
[PlyCount "75"]
[EventDate "2016.07.23"]

1. Nf3 Nf6 2. c4 e6 3. g3 d5 4. b3 Be7 5. Bg2 O-O 6. O-O c5 7. Bb2 Nc6 8. e3 b6
9. Qe2 Bb7 10. Rd1 Qc7 11. Nc3 Rad8 12. Rac1 Rd7 13. d4 Qb8 14. dxc5 Bxc5 15.
cxd5 Nxd5 16. Nxd5 Rxd5 17. Rxd5 exd5 18. Nh4 Ne7 19. Qg4 g6 20. b4 Bd6 21. Bf6
Rc8 22. Rd1 Rc2 23. Qg5 Qf8 24. a3 a5 25. bxa5 bxa5 26. a4 Rc4 27. Bd4 f5 28.
Rb1 Bc6 29. Nf3 Rb4 30. Rxb4 axb4 31. a5 Bb5 32. Ne5 Bxe5 33. Bxe5 h6 34. Qh4
Bc4 35. Bd6 g5 36. Qd4 Nc6 37. Bxd5+ Bxd5 38. Qxd5+ 1-0

[Event "Xtracon Chess Open 2016"]
[Site "Elsinore"]
[Date "2016.07.29"]
[Round "8.55"]
[White "Kristensen, Kjell Ole"]
[Black "Merkesvik, Sondre"]
[Result "0-1"]
[WhiteElo "2006"]
[BlackElo "2263"]
[PlyCount "96"]
[EventDate "2016.07.23"]

1. e4 Nf6 2. e5 Nd5 3. d4 d6 4. c4 Nb6 5. f4 dxe5 6. fxe5 c5 7. d5 e6 8. Nc3
exd5 9. cxd5 c4 10. Nf3 Bg4 11. Qd4 Bxf3 12. gxf3 Bb4 13. e6 Qxd5 14. Qxd5 Nxd5
15. exf7+ Kf8 16. Bd2 Nb6 17. O-O-O N8d7 18. Ne4 Be7 19. Bc3 Nf6 20. Rg1 h6 21.
Bh3 Kxf7 22. Rde1 g5 23. Nd2 Bc5 24. Bxf6 Rhe8 25. Rgf1 Nd5 26. Bc3 Be3 27. Kc2
Bf4 28. Rxe8 Rxe8 29. Rf2 Be3 30. Rf1 Bf4 31. Rh1 Re2 32. Rd1 Ne3+ 33. Kc1 Nxd1
34. Kxd1 Rxh2 35. Bc8 h5 36. Bxb7 h4 37. Nf1 Rh1 38. Ke2 h3 39. Kf2 h2 40. Nxh2
Rxh2+ 41. Kf1 Bc1 42. b3 cxb3 43. axb3 Be3 44. Bd5+ Ke7 45. Be5 Rd2 46. Be4 Bd4
47. Bb8 Ke6 48. Bg3 Rb2 0-1

[Event "Xtracon Chess Open 2016"]
[Site "Elsinore"]
[Date "2016.07.29"]
[Round "8.56"]
[White "Schmidt, Kristen"]
[Black "Janse, Alexander"]
[Result "1-0"]
[WhiteElo "2241"]
[BlackElo "2017"]
[PlyCount "57"]
[EventDate "2016.07.23"]

1. e4 c5 2. Nf3 d6 3. d4 cxd4 4. Nxd4 Nf6 5. f3 a6 6. c4 g6 7. Be3 Bg7 8. Qd2
Nbd7 9. Nc3 h5 10. Be2 Ne5 11. Nd5 Nxd5 12. exd5 Qc7 13. Rc1 O-O 14. O-O Re8
15. h3 Nd7 16. Bd3 Nc5 17. Bb1 e5 18. dxe6 Nxe6 19. Ne2 Qe7 20. Nc3 Qf6 21. b3
Nc7 22. Bb6 Qe7 23. Rfe1 Qd7 24. Bxc7 Rxe1+ 25. Rxe1 Qxc7 26. Re8+ Kh7 27. Ne4
Be5 28. f4 Qb6+ 29. c5 1-0

[Event "Xtracon Chess Open 2016"]
[Site "Elsinore"]
[Date "2016.07.29"]
[Round "8.57"]
[White "Roe, Simon J"]
[Black "Schmitt, Carsten"]
[Result "1/2-1/2"]
[WhiteElo "2238"]
[BlackElo "2008"]
[PlyCount "77"]
[EventDate "2016.07.23"]

1. Nf3 d5 2. c4 e6 3. g3 c5 4. cxd5 exd5 5. d4 Nf6 6. Bg2 Be7 7. Nc3 Nc6 8. O-O
O-O 9. dxc5 Bxc5 10. Bg5 d4 11. Ne4 Be7 12. Bxf6 Bxf6 13. b4 a6 14. a4 Nxb4 15.
Nxf6+ Qxf6 16. Qxd4 Qe7 17. Qb6 Nc6 18. e3 Rb8 19. Rac1 Qb4 20. Qxb4 Nxb4 21.
Nd4 a5 22. Rc5 b6 23. Rc7 Rd8 24. Rb1 Bd7 25. Bc6 Bc8 26. Be4 Bd7 27. Bc6 Bc8
28. Bf3 Bd7 29. Nc6 Bxc6 30. Bxc6 Rbc8 31. Rxc8 Rxc8 32. Bb7 Rc7 33. Rd1 Kf8
34. Rd8+ Ke7 35. Rb8 Nc6 36. Bxc6 Rxc6 37. Rb7+ Ke8 38. f4 Rc4 39. Rxb6 1/2-1/2

[Event "Xtracon Chess Open 2016"]
[Site "Elsinore"]
[Date "2016.07.29"]
[Round "8.58"]
[White "Frisk, Hans"]
[Black "Jorgensen, Dennis"]
[Result "0-1"]
[WhiteElo "1981"]
[BlackElo "2215"]
[PlyCount "232"]
[EventDate "2016.07.23"]

1. e4 c6 2. Nf3 d5 3. Nc3 dxe4 4. Nxe4 Nf6 5. Qe2 Bf5 6. Nxf6+ gxf6 7. d4 Na6
8. c3 Nc7 9. g3 Qd7 10. Bg2 Bh3 11. Bxh3 Qxh3 12. Bd2 O-O-O 13. O-O-O Qf5 14.
Nh4 Qa5 15. Kb1 e6 16. f4 Bd6 17. Rhe1 Rhg8 18. Nf3 Rd7 19. Bc1 Kb8 20. Nd2 Be7
21. Qe4 Qh5 22. Nf3 Rgd8 23. Qe2 Ka8 24. Be3 Nd5 25. Bg1 Nb6 26. Nd2 Qh3 27.
Nf3 Qf5+ 28. Qc2 Qd5 29. Nd2 Qh5 30. Nf1 c5 31. Kc1 c4 32. Ne3 Qa5 33. Kb1 f5
34. d5 Nxd5 35. Nxc4 Qb5 36. Ne3 h6 37. Nxd5 Rxd5 38. Kc1 Qc6 39. Rxd5 Qxd5 40.
Rd1 Qxa2 41. Rxd8+ Bxd8 42. Qd3 Qa1+ 43. Kc2 Qa4+ 44. Kc1 Bc7 45. Bd4 Qc6 46.
Be5 Bb6 47. Kc2 h5 48. Qd1 Qa4+ 49. b3 Qa2+ 50. Kd3 Qxh2 51. Kc4 Qg2 52. Qd6
Qc6+ 53. Qxc6 bxc6 54. Bf6 Kb7 55. Kd3 Kc8 56. Kc4 Bf2 57. Bh4 Kd7 58. Kd3 Be1
59. c4 Bf2 60. Ke2 Bc5 61. Bf6 a6 62. Kf3 Be7 63. Bc3 f6 64. Kg2 Ke8 65. Kh3
Kf7 66. Kh4 Kg6 67. Bd4 e5 68. Be3 Bb4 69. Kh3 Be1 70. Kh4 Bc3 71. Kh3 Bd4 72.
Bd2 Kf7 73. Kh4 Bf2 74. Bc1 Ke6 75. Bd2 e4 76. Bc3 Kf7 77. Kh3 Be3 78. Kg2 Kg6
79. Be1 h4 80. Kh3 Kh5 81. Bc3 Bf2 82. gxh4 Bxh4 83. Bd4 Be1 84. Be3 Kg6 85.
Kg2 Bb4 86. Kh3 Bc3 87. Kg3 Kh5 88. Kh3 Be1 89. Bc1 Bf2 90. Kg2 Bd4 91. Kg3 c5
92. Bd2 Bg1 93. Be1 Be3 94. Bc3 Kg6 95. Be1 Kf7 96. Bc3 Bc1 97. Be1 Ba3 98. Bd2
Ke6 99. Be3 Kd6 100. Bd2 Bb4 101. Bc1 Bc3 102. Be3 Kc6 103. Kh4 Kb6 104. Kh5
Bd4 105. Bd2 e3 106. Be1 Bb2 107. Kg6 Bc1 108. Kxf6 Bd2 109. Bh4 e2 110. Kxf5
e1=Q 111. Bxe1 Bxe1 112. Ke6 Ka5 113. f5 Bh4 114. Ke5 Kb4 115. Kd5 Bf6 116. Ke6
Bd4 0-1

[Event "Xtracon Chess Open 2016"]
[Site "Elsinore"]
[Date "2016.07.29"]
[Round "8.59"]
[White "Rolvag, Mikael"]
[Black "Skou, Niels"]
[Result "1/2-1/2"]
[WhiteElo "2214"]
[BlackElo "2011"]
[PlyCount "54"]
[EventDate "2016.07.23"]

1. d4 Nf6 2. Nf3 e6 3. c4 Bb4+ 4. Bd2 a5 5. Nc3 O-O 6. g3 b6 7. Bg2 Bb7 8. O-O
c5 9. d5 exd5 10. Nh4 d6 11. cxd5 Re8 12. Bf4 Bxc3 13. bxc3 b5 14. Nf5 Ra6 15.
e4 Bc8 16. Re1 b4 17. g4 Bxf5 18. exf5 Rxe1+ 19. Qxe1 Nxg4 20. Qe2 Nf6 21. Bg5
Qe8 22. Qxe8+ Nxe8 23. Re1 Kf8 24. Be7+ Kg8 25. Bd8 Kf8 26. Be7+ Kg8 27. Bd8
Kf8 1/2-1/2

[Event "Xtracon Chess Open 2016"]
[Site "Elsinore"]
[Date "2016.07.29"]
[Round "8.60"]
[White "Hoyer, Jacob K"]
[Black "Jensen, Michael Agermose"]
[Result "0-1"]
[WhiteElo "2212"]
[BlackElo "2001"]
[PlyCount "92"]
[EventDate "2016.07.23"]

1. d4 g6 2. c4 Bg7 3. Nc3 c5 4. d5 Bxc3+ 5. bxc3 f5 6. e4 fxe4 7. f3 e5 8. Qc2
d6 9. fxe4 Nd7 10. Nf3 Qe7 11. Bd3 Ndf6 12. O-O Bg4 13. Rb1 O-O-O 14. Qa4 Kb8
15. Bd2 Bc8 16. Rb3 Qd7 17. Qa5 Qc7 18. Qa3 Rf8 19. Qc1 h6 20. Nh4 Qg7 21. Rb1
Ne7 22. Qe1 g5 23. Nf3 Ng6 24. Qe2 Bg4 25. Qe3 Bxf3 26. Rxf3 Nf4 27. Bf1 Qg6
28. Re1 Qh5 29. Qf2 Rhg8 30. Qg3 Qf7 31. Bxf4 gxf4 32. Qh3 Rg5 33. Rd3 Rh5 34.
Qf3 Rg8 35. Be2 Rhg5 36. Bf1 Qg6 37. Rd2 Ng4 38. Rb2 Ne3 39. Reb1 Rg7 40. Re1
Ng4 41. Rd2 Nxh2 42. Kxh2 Rg3 43. Qf2 Qh5+ 44. Kg1 Rh3 45. Qe2 Rh1+ 46. Kf2
Qh4+ 0-1

[Event "Xtracon Chess Open 2016"]
[Site "Elsinore"]
[Date "2016.07.29"]
[Round "8.61"]
[White "Rosenkilde, Alexander"]
[Black "Higgs, Joshua"]
[Result "1-0"]
[WhiteElo "2211"]
[BlackElo "2003"]
[PlyCount "57"]
[EventDate "2016.07.23"]

1. d4 Nf6 2. c4 e6 3. g3 d5 4. Nf3 Be7 5. Bg2 O-O 6. O-O dxc4 7. Qc2 a6 8. a4
Bd7 9. Qxc4 Bc6 10. Bf4 Nbd7 11. Qc2 Nd5 12. Bd2 Nb4 13. Bxb4 Bxb4 14. Nc3 Nf6
15. Rfd1 Rc8 16. a5 Qe7 17. e4 Bxc3 18. e5 Bxb2 19. Qxb2 Nd5 20. Rdc1 Rfd8 21.
Rab1 h6 22. Nd2 Bb5 23. Qb3 Rb8 24. Ne4 b6 25. axb6 Rxb6 26. Qc2 Qa3 27. Nc5
Nb4 28. Qd2 Bc6 29. Ra1 1-0

[Event "Xtracon Chess Open 2016"]
[Site "Elsinore"]
[Date "2016.07.29"]
[Round "8.62"]
[White "Rossen, Claus"]
[Black "Schmied, Andreas"]
[Result "1-0"]
[WhiteElo "2199"]
[BlackElo "1995"]
[PlyCount "41"]
[EventDate "2016.07.23"]

1. e4 e5 2. Nf3 Nc6 3. d4 exd4 4. Nxd4 Nf6 5. Nxc6 bxc6 6. e5 Qe7 7. Qe2 Nd5 8.
c4 Nb6 9. b3 Qe6 10. g3 Bb4+ 11. Bd2 Bxd2+ 12. Nxd2 O-O 13. Bg2 Re8 14. O-O
Qxe5 15. Qxe5 Rxe5 16. Rfe1 Rxe1+ 17. Rxe1 Kf8 18. Nf3 Rb8 19. a4 Bb7 20. a5
Nc8 21. Ne5 1-0

[Event "Xtracon Chess Open 2016"]
[Site "Elsinore"]
[Date "2016.07.29"]
[Round "8.63"]
[White "Hartung Nielsen, Jens"]
[Black "Larsen, Ulrik"]
[Result "1-0"]
[WhiteElo "2194"]
[BlackElo "1983"]
[PlyCount "47"]
[EventDate "2016.07.23"]

1. e4 e5 2. Nf3 Nc6 3. Nc3 Nf6 4. Bb5 Bb4 5. O-O Nd4 6. Ba4 O-O 7. d3 d6 8.
Nxd4 exd4 9. Ne2 Bc5 10. Bg5 h6 11. Bh4 g5 12. Bg3 Nh5 13. Bb3 Be6 14. c3 dxc3
15. bxc3 Qe7 16. Kh1 Rae8 17. f4 Bg4 18. Qd2 Bxe2 19. Qxe2 Nxg3+ 20. hxg3 Bb6
21. Qh5 Kg7 22. Rf3 Qf6 23. fxg5 hxg5 24. Rxf6 1-0

[Event "Xtracon Chess Open 2016"]
[Site "Elsinore"]
[Date "2016.07.29"]
[Round "8.64"]
[White "Skovgaard, Ib"]
[Black "Wilbrandt, Simon Pil"]
[Result "1-0"]
[WhiteElo "1972"]
[BlackElo "2190"]
[PlyCount "51"]
[EventDate "2016.07.23"]

1. e4 c5 2. Nf3 Nc6 3. d4 cxd4 4. Nxd4 Nf6 5. Nc3 e5 6. Ndb5 d6 7. Bg5 a6 8.
Na3 b5 9. Bxf6 gxf6 10. Nd5 f5 11. Bd3 Be6 12. c3 Bg7 13. Nc2 O-O 14. a4 bxa4
15. Rxa4 a5 16. exf5 Bxd5 17. Ne3 Be6 18. fxe6 fxe6 19. Qh5 h6 20. Rg4 Rf6 21.
Rg3 Rb8 22. Ng4 d5 23. Qe8+ Qxe8 24. Nxf6+ Kf7 25. Nxe8 Rxe8 26. Bg6+ 1-0

[Event "Xtracon Chess Open 2016"]
[Site "Elsinore"]
[Date "2016.07.29"]
[Round "8.65"]
[White "Johansen, Oivind"]
[Black "Kakulidis, Ellen"]
[Result "1-0"]
[WhiteElo "2180"]
[BlackElo "1989"]
[PlyCount "61"]
[EventDate "2016.07.23"]

1. d4 e6 2. c4 Nf6 3. Nc3 d5 4. Bg5 Be7 5. e3 O-O 6. Nf3 Nbd7 7. Qc2 c6 8. Bd3
h6 9. Bh4 b6 10. O-O dxc4 11. Bxc4 Bb7 12. Rfd1 c5 13. dxc5 Qc8 14. b4 Bxf3 15.
gxf3 Ne5 16. Be2 bxc5 17. b5 Qb7 18. Bxf6 Bxf6 19. Qe4 Qe7 20. Rac1 Rac8 21. f4
Nd7 22. Qb7 Nb6 23. Qxe7 Bxe7 24. a4 Rfd8 25. a5 Nd5 26. Nxd5 Rxd5 27. Bf3
Rxd1+ 28. Rxd1 c4 29. b6 a6 30. b7 Rb8 31. Rc1 1-0

[Event "Xtracon Chess Open 2016"]
[Site "Elsinore"]
[Date "2016.07.29"]
[Round "8.66"]
[White "Thomsen, Kim R"]
[Black "Ivarsson, Torbjorn"]
[Result "0-1"]
[WhiteElo "1966"]
[BlackElo "2180"]
[PlyCount "45"]
[EventDate "2016.07.23"]

1. d4 e6 2. Nf3 f5 3. c4 Nf6 4. Nc3 Bb4 5. Bd2 O-O 6. g3 b6 7. Bg2 Bb7 8. O-O
Bxc3 9. Bxc3 Be4 10. Rc1 Qe8 11. Bb4 d6 12. c5 Nc6 13. Ba3 b5 14. cxd6 b4 15.
d7 Qe7 16. Ng5 Bxg2 17. Kxg2 Nd8 18. Rxc7 Qd6 19. Qc2 Nxd7 20. e4 h6 21. e5
Qd5+ 22. Nf3 Nf7 23. Kg1 0-1

[Event "Xtracon Chess Open 2016"]
[Site "Elsinore"]
[Date "2016.07.29"]
[Round "8.67"]
[White "Molvig, Julius"]
[Black "Andersen, Morten"]
[Result "0-1"]
[WhiteElo "1964"]
[BlackElo "2173"]
[PlyCount "110"]
[EventDate "2016.07.23"]

1. d4 d5 2. c4 c6 3. Nf3 Nf6 4. cxd5 cxd5 5. Nc3 Nc6 6. Bf4 Bf5 7. e3 e6 8. Bd3
Bxd3 9. Qxd3 Bd6 10. Bxd6 Qxd6 11. O-O O-O 12. a3 h6 13. h3 Rac8 14. Qd1 Nd7
15. Na4 Na5 16. b4 Nc4 17. Nc5 b6 18. Nd3 a5 19. Qb3 Nf6 20. Rfd1 Ne4 21. Rac1
Ra8 22. Nde5 b5 23. Ra1 Ra7 24. Ra2 axb4 25. Rda1 bxa3 26. Qxb5 Nc3 27. Nxc4
dxc4 28. Qxc4 Nxa2 29. Rxa2 Rc7 30. Qf1 Rfc8 31. Ra1 a2 32. Rxa2 Rc1 33. Ne1
Rb8 34. Re2 Rbb1 35. f4 Qb4 36. Kf2 h5 37. g3 Qc3 38. g4 h4 39. f5 Qc7 40. Qg2
Qg3+ 41. Qxg3 hxg3+ 42. Kxg3 Rxe1 43. Rc2 Rxe3+ 44. Kf4 Rxh3 45. Rc8+ Kh7 46.
fxe6 fxe6 47. Re8 Rb6 48. Rd8 Rd3 49. Ke5 Kg6 50. Rd7 Rd1 51. Rd8 Kg5 52. Ke4
Kxg4 53. Rd7 g5 54. Rg7 Re1+ 55. Kd3 Rd6 0-1

[Event "Xtracon Chess Open 2016"]
[Site "Elsinore"]
[Date "2016.07.29"]
[Round "8.68"]
[White "Christensen, Lasse"]
[Black "Taksrud, Vidar"]
[Result "1-0"]
[WhiteElo "2162"]
[BlackElo "1979"]
[PlyCount "67"]
[EventDate "2016.07.23"]

1. e4 c6 2. d4 d5 3. exd5 cxd5 4. c4 Nf6 5. Nc3 Nc6 6. Nf3 e6 7. Bd3 Be7 8. a3
O-O 9. O-O dxc4 10. Bxc4 Nd5 11. Ne4 f5 12. Nc5 b6 13. Nd3 Bf6 14. Nde5 Nce7
15. Re1 Rb8 16. Qe2 f4 17. Bd2 Rb7 18. b4 Rc7 19. b5 Bxe5 20. dxe5 Bb7 21. Rac1
Rd7 22. Bb4 Rf5 23. Bd6 Ng6 24. Bd3 Rdf7 25. Be4 Rh5 26. Rc6 Nge7 27. Nd4 f3
28. Bxf3 Nf4 29. Qa2 Ned5 30. Bxh5 Nxh5 31. Nxe6 Qh4 32. g3 Qh3 33. Qxd5 Qf5
34. Qa2 1-0

[Event "Xtracon Chess Open 2016"]
[Site "Elsinore"]
[Date "2016.07.29"]
[Round "8.69"]
[White "Christensen, Bo Garner"]
[Black "Andersen, Per O"]
[Result "1/2-1/2"]
[WhiteElo "2150"]
[BlackElo "1962"]
[PlyCount "139"]
[EventDate "2016.07.23"]

1. Nf3 Nf6 2. c4 c5 3. Nc3 e6 4. e4 d6 5. d4 cxd4 6. Nxd4 Nc6 7. Nc2 Be7 8. Be2
b6 9. Bf4 a6 10. Qd2 Qc7 11. O-O Bb7 12. f3 O-O 13. Rfd1 Rfd8 14. Rac1 Rac8 15.
b4 Ne5 16. Nd4 Qb8 17. Na4 Nfd7 18. Be3 Ba8 19. a3 Nc6 20. Nb3 b5 21. cxb5 axb5
22. Nc3 d5 23. exd5 Nf6 24. Qe1 Nxd5 25. Bf2 Nxc3 26. Rxc3 Qe5 27. Rdc1 Bd6 28.
Bg3 Qg5 29. Bxd6 Rxd6 30. Na5 Qe5 31. Rc5 Qe3+ 32. Qf2 Qxa3 33. Bxb5 Qxb4 34.
Bxc6 Rdd8 35. Bxa8 Rxc5 36. Qxc5 Rd1+ 37. Rxd1 Qxc5+ 38. Kh1 g6 39. Nc6 Qa3 40.
h3 Kg7 41. Bb7 h5 42. Kh2 h4 43. Rd7 Qe3 44. Rd4 Qf2 45. Re4 Qb2 46. Ba6 Qb6
47. Nb4 Qd6+ 48. Kg1 Qc5+ 49. Kf1 Qc1+ 50. Re1 Qb2 51. Nd3 Qa2 52. Bb5 Qb3 53.
Re5 Qb1+ 54. Kf2 Qb3 55. Rc5 Qb1 56. f4 Qa1 57. Bc4 Qd4+ 58. Kf3 Qg1 59. Rc7
Qd1+ 60. Kf2 Qd2+ 61. Kg1 Qe3+ 62. Kh2 Qb6 63. Rd7 Qe3 64. Kh1 Qe4 65. Ne5 Qe1+
66. Kh2 Qg3+ 67. Kg1 Qe3+ 68. Kh1 Qe1+ 69. Kh2 Qg3+ 70. Kg1 1/2-1/2

[Event "Xtracon Chess Open 2016"]
[Site "Elsinore"]
[Date "2016.07.29"]
[Round "8.70"]
[White "Vesterli, Michael E"]
[Black "Justinussen, Sigurd B"]
[Result "0-1"]
[WhiteElo "2141"]
[BlackElo "1959"]
[PlyCount "126"]
[EventDate "2016.07.23"]

1. d4 d5 2. c4 e6 3. Nc3 Nf6 4. Bg5 Nbd7 5. Nf3 c6 6. e3 Qa5 7. cxd5 Nxd5 8.
Qd2 Bb4 9. Rc1 c5 10. Bc4 cxd4 11. Qxd4 f6 12. Bxd5 exd5 13. Bf4 Nb6 14. Bc7
Be6 15. O-O Bc5 16. Qf4 O-O 17. a3 Qa6 18. b4 Be7 19. Nd4 Bf7 20. a4 Bxb4 21.
Ncb5 Nc4 22. Qg4 g6 23. Bf4 Rac8 24. Rb1 Bc5 25. Rfd1 Na3 26. Rbc1 Qxa4 27. Bd6
f5 28. Nxf5 Qxg4 29. Nh6+ Kg7 30. Nxg4 Bxd6 31. Nxd6 Rxc1 32. Rxc1 Nc4 33. Nxf7
Rxf7 34. e4 Rd7 35. exd5 Rxd5 36. Kf1 b5 37. Ke2 h5 38. Ne3 Nxe3 39. fxe3 a5
40. e4 Rd4 41. Ke3 Rb4 42. Rf1 a4 43. e5 Rc4 44. e6 Rc6 45. Rf7+ Kg8 46. Rf6 a3
47. e7 Rc8 48. Kd3 Ra8 49. Ra6 Re8 50. Rxa3 Rxe7 51. Ra6 Kg7 52. Rb6 Re5 53. h4
Rc5 54. Rb7+ Kf6 55. Kd4 Rc4+ 56. Kd3 Rg4 57. Rb6+ Kg7 58. Rxb5 Rxg2 59. Rb4
Kf6 60. Ke3 Rg3+ 61. Kf2 Rg4 62. Rxg4 hxg4 63. Kg2 Ke5 0-1

[Event "Xtracon Chess Open 2016"]
[Site "Elsinore"]
[Date "2016.07.29"]
[Round "8.71"]
[White "Hjornevik, Knut J"]
[Black "Moe, Mogens"]
[Result "0-1"]
[WhiteElo "1945"]
[BlackElo "2138"]
[PlyCount "58"]
[EventDate "2016.07.23"]

1. d4 Nf6 2. Bg5 Ne4 3. Bf4 c5 4. f3 Nf6 5. dxc5 Na6 6. e4 Nxc5 7. Nc3 d6 8.
Bb5+ Bd7 9. Bxd7+ Nfxd7 10. Nge2 g6 11. Qd2 h5 12. Nd5 Ne6 13. Be3 Bg7 14.
O-O-O Nb6 15. Qb4 O-O 16. Nxb6 axb6 17. Bxb6 Qd7 18. Kb1 Ra4 19. Qb3 Rfa8 20.
a3 Qc6 21. Rd5 Bxb2 22. Qxb2 Rxa3 23. Bd4 Qa6 24. c4 Nxd4 25. Qxd4 Ra1+ 26. Kc2
Rxh1 27. Rb5 Qa4+ 28. Kc3 Qa1+ 29. Rb2 Ra2 0-1

[Event "Xtracon Chess Open 2016"]
[Site "Elsinore"]
[Date "2016.07.29"]
[Round "8.72"]
[White "Andreassen, Mikkel"]
[Black "Schultz Pedersen, Jesper"]
[Result "1-0"]
[WhiteElo "1937"]
[BlackElo "2121"]
[PlyCount "63"]
[EventDate "2016.07.23"]

1. d4 Nc6 2. c4 e5 3. d5 Nce7 4. Nc3 Ng6 5. a3 a5 6. Nf3 Bc5 7. Qc2 d6 8. Bg5
f6 9. Bc1 N8e7 10. e3 c6 11. h4 O-O 12. h5 Nh8 13. Bd2 cxd5 14. cxd5 Bd7 15.
Bd3 f5 16. Bc4 Nf7 17. h6 g6 18. e4 b5 19. Bd3 Qb6 20. O-O f4 21. Ne2 Rac8 22.
Qb1 Qd8 23. b4 axb4 24. axb4 Bb6 25. Nxf4 exf4 26. Bxf4 Ne5 27. Bxe5 dxe5 28.
Nxe5 Bd4 29. Nxd7 Qxd7 30. Ra6 Kh8 31. Qd1 Ng8 32. Bxb5 1-0

[Event "Xtracon Chess Open 2016"]
[Site "Elsinore"]
[Date "2016.07.29"]
[Round "8.73"]
[White "Jarlnaes, Erik"]
[Black "Mardell, Jimmy"]
[Result "0-1"]
[WhiteElo "1928"]
[BlackElo "2112"]
[PlyCount "86"]
[EventDate "2016.07.23"]

1. e4 c5 2. Nf3 d6 3. d4 cxd4 4. Nxd4 Nf6 5. Nc3 g6 6. Be2 Bg7 7. Be3 Nc6 8.
O-O O-O 9. h3 d5 10. exd5 Nxd5 11. Nxd5 Qxd5 12. Bf3 Qc4 13. Nxc6 bxc6 14. c3
Rb8 15. Be2 Qd5 16. b3 Bxc3 17. Qxd5 cxd5 18. Rad1 Be6 19. Bxa7 Ra8 20. Rd3
Rxa7 21. Rxc3 Rxa2 22. Bf3 Rd8 23. Rd1 Ra5 24. b4 Rb5 25. Rd4 f6 26. Rc5 Rxc5
27. bxc5 Bf7 28. c6 e6 29. Rd1 Rc8 30. Rc1 Rc7 31. Bd1 Be8 32. Ba4 Kf8 33. Rb1
Ke7 34. Rb8 Bxc6 35. Bxc6 Rxc6 36. Rb7+ Kd6 37. Rxh7 Rc1+ 38. Kh2 d4 39. Ra7
Kd5 40. h4 d3 41. g4 Ke4 42. h5 gxh5 43. gxh5 d2 0-1

[Event "Xtracon Chess Open 2016"]
[Site "Elsinore"]
[Date "2016.07.29"]
[Round "8.74"]
[White "Molvig, Henrik"]
[Black "Rolvag, Birk Anders"]
[Result "1/2-1/2"]
[WhiteElo "2110"]
[BlackElo "1959"]
[PlyCount "33"]
[EventDate "2016.07.23"]

1. d4 Nf6 2. c4 e6 3. Nf3 Bb4+ 4. Nbd2 b6 5. g3 Bb7 6. Bg2 d5 7. Qa4+ Nc6 8.
Ne5 Qd6 9. cxd5 exd5 10. O-O Bxd2 11. Bxd2 O-O 12. Nxc6 Bxc6 13. Qc2 Rac8 14.
Rac1 Bb5 15. a4 Bd7 16. b4 Rfe8 17. e3 1/2-1/2